Non-homogeneous boundary value problems and applications

Saved in:
Bibliographic Details
Main Author: Lions, J.-L. (Jacques-Louis), 1928-2001
Other Authors: Magenes, Enrico
Format: Book
Language:English
French
Published: Berlin : Springer-Verlag, 1973, c1972.
Series:Grundlehren der mathematischen Wissenschaften in Einzeldarstellungen mit besonderer Berucksichtigung der Anwendungsgebiete ; 183
Subjects:
Tags: Add Tag
No Tags, Be the first to tag this record!

MARC

LEADER 00000cam a2200000 i 4500
001 1/58551
008 941103m19721973gw | ||| |||| ||eng||
020 |a 354005832X 
020 |a 3540053638 
035 |a 1995  |l 10045929 
035 |a 1993  |c ΚΑΝΔΥΛΑΚΗΣ 
035 |a 1995 
040 |a GR-MyUa  |b gre  |e AACR2 
041 1 |a eng  |h fre 
082 7 |a 515.35   |2 (22) 
100 1 |a Lions, J.-L.   |q (Jacques-Louis),   |d 1928-2001. 
245 1 0 |a Non-homogeneous boundary value problems and applications /   |c J.L. Lions, E. Magenes ; translated from the French by P. Kenneth.  
260 |a Berlin :   |b Springer-Verlag,   |c 1973, c1972.  
300 |a 2 τ. ;   |c 24 εκ. 
490 1 |a (Grundlehren der mathwematischen Wissenschaften in Einzeldarstellungen mit besonderer Berucksichtigung der Anwendungsgebiete ;   |v 181, 183) 
500 |a Περιλαμβάνει βιβλιογραφικές παραπομπές.  
650 0 |a Homogeneous spaces. 
650 0 |a Boundary value problems. 
700 1 |a Magenes, Enrico. 
830 0 |a Grundlehren der mathematischen Wissenschaften in Einzeldarstellungen mit besonderer Berucksichtigung der Anwendungsgebiete ;  |v  183 
852 |a INST  |b SAMOS  |e 19941103  |h 515.35 LIO  |p 005300003155  |q 005300003155  |t BK  |y 0  |z v.3 
852 |a INST  |b SAMOS  |e 19960503  |h 515.35 LIO  |p 005300005165  |q 005300005165  |t BK  |y 0  |z v.1 
852 |a INST  |b SAMOS  |e 19941103  |h 515.35 LIO  |p 005300006303  |q 005300006303  |t BK  |y 0  |z v.1 
852 |a INST  |b SAMOS  |e 19960711  |h 515.35 LIO  |p 005300009712  |q 005300009712  |t BK  |y 0  |z v.3 
852 |a INST  |b SAMOS  |e 19941103  |h 515.35 LIO  |p 005300003155  |q 005300003155  |t BK  |v v.3:  |y 0  |z v.3 
852 |a INST  |b SAMOS  |e 19960503  |h 515.35 LIO  |p 005300005165  |q 005300005165  |t BK  |v v.1:  |y 0  |z v.1 
852 |a INST  |b SAMOS  |e 19941103  |h 515.35 LIO  |p 005300006303  |q 005300006303  |t BK  |v v.1:  |y 0  |z v.1 
852 |a INST  |b SAMOS  |e 19960711  |h 515.35 LIO  |p 005300009712  |q 005300009712  |t BK  |v v.3:  |y 0  |z v.3 
853 |a INST  |b SAMOS  |h 515.35 LIO